logo

Bir Sreshtho Munshi Abdur Rouf Library
Jhenaidah Cadet College

They Dared to Ask Questions / (Record no. 10035)

MARC details
000 -LEADER
fixed length control field 00497nam a22002057a 4500
001 - CONTROL NUMBER
JCCL Control Number 10035
003 - CONTROL NUMBER IDENTIFIER
JCCL marc code OSt
005 - DATE AND TIME OF LATEST TRANSACTION
control field 20191214132720.0
008 - FIXED-LENGTH DATA ELEMENTS--GENERAL INFORMATION
fixed length control field 180404b bg ||||| |||| 00| 0 eng d
035 ## - SYSTEM CONTROL NUMBER
system control number (BD-JhCC)10035
040 ## - CATALOGING SOURCE
Original cataloging agency BD-JhCC
Modifying agency BD-JhCC
041 ## - LANGUAGE CODE
Language code of Book eng
082 ## - DEWEY DECIMAL CLASSIFICATION NUMBER
Classification number 500
Author mark and Year WIL
100 ## - MAIN ENTRY--PERSONAL NAME
9 (RLIN) 1
245 ## - TITLE STATEMENT
Title They Dared to Ask Questions /
Statement of responsibility, etc Amabel Williams-Ellis
260 ## - PUBLICATION, DISTRIBUTION, ETC. (IMPRINT)
Place of publication, distribution, etc London :
300 ## - PHYSICAL DESCRIPTION
Pagination 68 p. :
Dimensions 19 cm.
942 ## - ADDED ENTRY ELEMENTS (KOHA)
Source of classification or shelving scheme Dewey Decimal Classification
Koha item type Books
Holdings
Source of classification or shelving scheme Damaged status Not for loan Home library Current library Shelving location Date of accession Total Checkouts Full call number Barcode Date last seen Copy number Koha item type
Dewey Decimal Classification     JCC Rouf Library JCC Rouf Library General Stacks 04/04/2018   500 WIL 9299 04/04/2018 C-1 Books

JCC Library | Contacts | JCC Home

Last Update on 23 September 2017
Copyright @ 2017-2020 JCC Rouf Library
Rouf Library, Jhenidah Cadet College (JCC), Bangladesh